|
|
|
|
| LEADER |
00887nab a2200253 i 4500 |
| 001 |
publ16407 |
| 005 |
20190821151250.0 |
| 008 |
190821s2019 hu o 0|| zxx d |
| 022 |
|
|
|a 0883-9441
|
| 024 |
7 |
|
|a 10.1016/j.jcrc.2018.11.003
|2 doi
|
| 024 |
7 |
|
|a 30351719
|2 mtmt
|
| 040 |
|
|
|a SZTE Publicatio Repozitórium
|b hun
|
| 041 |
|
|
|a zxx
|
| 100 |
1 |
|
|a Hawchar Fatime
|
| 245 |
1 |
0 |
|a Extracorporeal cytokine adsorption in septic shock
|h [elektronikus dokumentum] :
|b A proof of concept randomized, controlled pilot study /
|c Hawchar Fatime
|
| 260 |
|
|
|c 2019
|
| 300 |
|
|
|a 172-178
|
| 490 |
0 |
|
|a JOURNAL OF CRITICAL CARE
|v 49
|
| 700 |
0 |
1 |
|a László Ildikó
|e aut
|
| 700 |
0 |
1 |
|a Öveges Nándor
|e aut
|
| 700 |
0 |
1 |
|a Trásy Domonkos
|e aut
|
| 700 |
0 |
1 |
|a Ondrik Zoltán
|e aut
|
| 700 |
0 |
1 |
|a Molnár Zsolt
|e aut
|
| 856 |
4 |
0 |
|u http://publicatio.bibl.u-szeged.hu/16407/1/30351719_Hawchar_2019.pdf
|z Dokumentum-elérés
|